000
00270nam a22001217a 4500
040
_c
SCME
100
_a
Timothy P.Lodge,Paul C.hiemenz
_9
92088
245
_a
Polymer chemistry
250
_a
3rd.
260
_a
uk
_b
CRC Press
_c
2020
300
_a
661p.
942
_2
ddc
_c
BK
999
_c
590196
_d
590196